书目信息 |
| 题名: |
代谢组学
|
|
| 作者: | 许国旺 著 | |
| 分册: | ||
| 出版信息: | 北京 科学出版社 2008.08 |
|
| 页数: | xiii, 421页 | |
| 开本: | 26cm | |
| 丛书名: | 现代生物技术前沿 | |
| 单 册: | ||
| 中图分类: | Q493.1 | |
| 科图分类: | ||
| 主题词: | 代谢--dai xie--研究 | |
| 电子资源: | ||
| ISBN: | 978-7-03-021528-4 | |
| 000 | 01065nam 2200277 450 | |
| 001 | 012009471445 | |
| 005 | 20091227084526.37 | |
| 010 | @a978-7-03-021528-4@dCNY88.00 | |
| 100 | @a20091227d2008 em y0chiy0120 ea | |
| 101 | 0 | @achi |
| 102 | @aCN@b110000 | |
| 105 | @aa a 000yy | |
| 106 | @ar | |
| 200 | 1 | @a代谢组学@Adai xie zu xue@e方法与应用@f许国旺等著@Fxu guo wang deng zhu |
| 210 | @a北京@c科学出版社@d2008.08 | |
| 215 | @axiii, 421页@c图@d26cm | |
| 225 | 2 | @a现代生物技术前沿@Axian dai sheng wu ji shu qian yan |
| 320 | @a有书目 | |
| 330 | @a本书系统地介绍了代谢组学技术平台及其在健康疾病、药物毒性、植物、微生物、营养科学和环境科学研究中的应用。在全面阐述色谱、质谱、核磁共振谱和多变量数据分析方法在代谢组学中的应用的同时,图文并茂地剖析了代谢组学在不同领域内的应用,解决相关领域中的问题。 | |
| 410 | 0 | @12001 @a现代生物技术前沿 |
| 517 | 1 | @a方法与应用@Afang fa yu ying yong |
| 606 | 0 | @a代谢@Adai xie@x研究 |
| 690 | @aQ493.1@v4 | |
| 701 | 0 | @a许国旺@Axu guo wang@4著 |
| 801 | 0 | @aCN@bQSSK@c20091227 |
| 905 | @b768778-79@dQ493.1@eX867@f2 | |
| 代谢组学:方法与应用/许国旺等著.-北京:科学出版社,2008.08 |
| xiii, 421页:图;26cm.-(现代生物技术前沿) |
| ISBN 978-7-03-021528-4:CNY88.00 |
| 本书系统地介绍了代谢组学技术平台及其在健康疾病、药物毒性、植物、微生物、营养科学和环境科学研究中的应用。在全面阐述色谱、质谱、核磁共振谱和多变量数据分析方法在代谢组学中的应用的同时,图文并茂地剖析了代谢组学在不同领域内的应用,解决相关领域中的问题。 |
| ● |
| 相关链接 |
|
|
|
正题名:代谢组学
索取号:Q493.1/X867
 
预约/预借
| 序号 | 登录号 | 条形码 | 馆藏地/架位号 | 状态 | 备注 |
| 1 | 768778 | 207687788 | 自科库401/401自科库 27排4列5层/ [索取号:Q493.1/X867] | 在馆 | |
| 2 | 768779 | 207687797 | 自科库401/401自科库 27排4列5层/ [索取号:Q493.1/X867] | 在馆 |